| 000 | 00342pam a2200145 a 4500 | ||
|---|---|---|---|
| 020 | _c | ||
| 041 | _h | ||
| 082 |
_a658 _bKAN |
||
| 100 | _aKanter, Jerome | ||
| 245 |
_aManaging With Information _hTextual Documents |
||
| 250 | _a4th ed | ||
| 260 |
_aNew Delhi _bPrentice Hall International India _c2002 |
||
| 300 | _aXX/444 | ||
| 930 | _a6279 | ||
| 999 |
_c113107 _d113107 |
||